Интенсификация биодеструкции нефти в почве при использовании биопрепарата; Нефтяное хозяйство; № 5

Dades bibliogràfiques
Parent link:Нефтяное хозяйство: научно-технический производственный журнал.— , 1925-1940, 1946-.— 0028-2448
№ 5.— 2004.— С. 128-130
Autor principal: Киреева Н. А.
Altres autors: Онегова Т. С., Жданова Н. В.
Idioma:rus
Publicat: 2004
Col·lecció:Экологическая и промышленная безопасность
Matèries:
Format: MixedMaterials Capítol de llibre
KOHA link:https://koha.lib.tpu.ru/cgi-bin/koha/opac-detail.pl?biblionumber=392540

MARC

LEADER 00000naa2a2200000 4500
001 392540
005 20231101064256.0
035 |a (RuTPU)RU\TPU\prd\27917 
090 |a 392540 
100 |a 20040915a2004 k y0rusy50 ca 
101 0 |a rus 
102 |a RU 
200 1 |a Интенсификация биодеструкции нефти в почве при использовании биопрепарата  |f Н. А. Киреева, Т. С. Онегова, Н. В. Жданова 
225 1 |a Экологическая и промышленная безопасность 
320 |a Библиогр.: 9 назв. 
461 1 |0 (RuTPU)RU\TPU\prd\1638  |x 0028-2448  |t Нефтяное хозяйство  |o научно-технический производственный журнал  |d 1925-1940, 1946- 
463 1 |0 (RuTPU)RU\TPU\prd\26604  |t № 5  |v С. 128-130  |d 2004 
610 1 |a биопрепараты 
610 1 |a почва 
610 1 |a нефтть 
610 1 |a биодеструкция 
610 1 |a интенсификация 
610 1 |a фитотоксичность 
610 1 |a очистка 
610 1 |a загрязнения 
675 |a 620.1:665.7  |v 3 
700 1 |a Киреева  |b Н. А. 
701 1 |a Онегова  |b Т. С. 
701 1 |a Жданова  |b Н. В. 
801 1 |a RU  |b 63413507  |c 20040915  |g PSBO 
801 2 |a RU  |b 63413507  |c 20150219  |g RCR 
942 |c BK